| 000 | 00543nmm a2200193 a 4500 | ||
|---|---|---|---|
| 003 | AR-BaBNM | ||
| 005 | 20251128211812.0 | ||
| 008 | 016020s2004 ||||||||||||||000 | spa|| | ||
| 020 | _a2-9700417-3-1 | ||
| 040 | _cAR-BaBNM | ||
| 245 | 1 | 0 |
_aLos premios Rolex a la iniciativa _b11ª edición |
| 260 |
_aGenève _bPremios Rolex a la Iniciativa, Secretaría _c2004 |
||
| 300 | 0 |
_a135 p. _bil. col. |
|
| 610 | 1 | 4 | _aPremios Rolex |
| 650 | 4 | _aINNOVACIONES CULTURALES | |
| 650 | 4 | _aINNOVACIONES CIENTIFICAS | |
| 942 | _cBK | ||
| 998 | _cme-solo cat | ||
| 999 |
_c21184 _d21184 |
||